Física 2. Educación Media (Record no. 8185)
[ view plain ]
| 000 -LEADER | |
|---|---|
| campo de control de longitud fija | 00369nam a2200133Ia 4500 |
| 001 - NÚMERO DE CONTROL | |
| campo de control | 1843 |
| 008 - DATOS DE LONGITUD FIJA--INFORMACIÓN GENERAL | |
| campo de control de longitud fija | 241024s9999 xx 000 0 und d |
| 082 ## - NÚMERO DE LA CLASIFICACIÓN DECIMAL DEWEY | |
| Número de clasificación | RD/530.07/R426f/2 |
| 100 ## - ENTRADA PRINCIPAL--NOMBRE DE PERSONA | |
| Nombre de persona | República Dominicana. Secretaría de Estado de Educación |
| 245 #0 - MENCIÓN DEL TÍTULO | |
| Título | Física 2. Educación Media |
| 260 ## - PUBLICACIÓN, DISTRIBUCIÓN, ETC. | |
| Nombre del editor, distribuidor, etc. | Grupo Anaya |
| Fecha de publicación, distribución, etc. | 2004 |
| 901 ## - ELEMENTOS DE DATOS A LOCAL LDA (RLIN) | |
| a | 29/9/2011 2:21:50 p.m. |
No items available.